Českí bratia a rovná daň

Návrh českej rovnej dane je na svete. Ide len o zavedenie jednotnej sadzby dane pre fyzické osoby. Bude 15 percentná a bude sa počítať zo superhrubej mzdy. Češi nevyužili možnosť zrušiť systémové výnimky. Ide nie o rovnú daň, ale nespočetné množstvo efektívnych sadzieb dane. Slovensko hrá v daniach...

Ausführliche Beschreibung

Gespeichert in:
Bibliographische Detailangaben
1. Verfasser: Sulík, Richard
Format: Buchkapitel
Sprache:Slowakisch
Schlagworte:
Tags: Tag hinzufügen
Keine Tags, Fügen Sie das erste Tag hinzu!

MARC

LEADER 00000naa$a2200000$$$4500
001 0057460
005 20231106072850.8
041 0 |a slo 
044 |a SK 
245 1 0 |a Českí bratia a rovná daň  |c Richard Sulík 
520 |a Návrh českej rovnej dane je na svete. Ide len o zavedenie jednotnej sadzby dane pre fyzické osoby. Bude 15 percentná a bude sa počítať zo superhrubej mzdy. Češi nevyužili možnosť zrušiť systémové výnimky. Ide nie o rovnú daň, ale nespočetné množstvo efektívnych sadzieb dane. Slovensko hrá v daniach inú ligu. 
610 2 0 |a dane 
610 2 0 |a dane rovné 
610 2 0 |a Česko 
100 1 |a Sulík, Richard